000 01320cam a2200265 a 4500
999 _c13695
_d13695
020 _a9781538705452
082 0 0 _aFic Sp263 2021
100 1 _aSparks, Nicholas.
245 1 0 _aThree weeks with my brother /
_cby Nicholas Sparks and Micah Sparks.
260 _aNew York :
_bGrand Central Publishing,
_cc2004.
300 _a356 p. :
_bill. ;
_c22 cm.
337 _aunmediated
_bn
520 _aIn January 2003, Nicholas Sparks and his brother Micah set off on a three-week-trip around the world. It was to mark a milestone in their lives, for at 37 and 38 respectively, they were now the only surviving members of their family. As they travel the globe, the intimate story of their family unfolds in the details of the untimely deaths of their parents and only sister. Against the backdrop of the wonders of the world, the Sparks brothers band together to heal, to remember, and to learn to live life to the fullest.
526 _aFICTION
600 1 0 _aSparks, Nicholas.
600 1 0 _aSparks, Nicholas
_xFamily.
600 1 0 _aSparks, Nicholas
_xTravel.
600 1 0 _aSparks, Micah.
650 0 _aNovelists, American--20th century--Biography.
650 0 _aAmericans--Foreign countries.
650 0 _aBrothers--United States.
650 0 _aVoyages and travels.
700 1 _aSparks, Micah.
942 _2ddc
_cBK